Súčasnosť a perspektívy poistného trhu v Slovenskej republike

Analýza súčasného stavu poistného trhu v podmienkach Slovenskej republiky. Naznačenie perspektívy jeho ďalšieho vývoja v procese európskej integrácie. Subjekty poistného trhu. Špecifické ukazovatele poistného trhu. Náklady na poistné plnenia. Technické rezervy v poisťovniach. Tendencie vývoja poistn...

Descripción completa

Guardado en:
Detalles Bibliográficos
Autor principal: Majtánová, Anna
Formato: Capítulo de libro
Lenguaje:eslovaco
Materias:
Etiquetas: Agregar Etiqueta
Sin Etiquetas, Sea el primero en etiquetar este registro!

MARC

LEADER 00000naa$a2200000$$$4500
001 0010283
005 20240502083122.2
041 0 |a slo 
044 |a CZ 
245 1 0 |a Súčasnosť a perspektívy poistného trhu v Slovenskej republike  |c aut. Anna Majtánová 
520 |a Analýza súčasného stavu poistného trhu v podmienkach Slovenskej republiky. Naznačenie perspektívy jeho ďalšieho vývoja v procese európskej integrácie. Subjekty poistného trhu. Špecifické ukazovatele poistného trhu. Náklady na poistné plnenia. Technické rezervy v poisťovniach. Tendencie vývoja poistného trhu v SR. 
610 2 0 |a trh poistný 
610 2 0 |a Slovensko 
610 2 0 |a poisťovne 
610 2 0 |a poistenie životné 
610 2 0 |a náklady 
610 2 0 |a plnenie poistné 
610 2 0 |a rezervy poistné 
610 2 0 |a rezervy technické 
100 1 |a Majtánová, Anna